000
00407nam a2200133Ia 4500
008
100328s9999 xx 000 0 und d
082
_b
38930
100
_a
देवकर चंद्रकांत
245
_a
वादळातील नौका
260
_b
राहुल
630
_a
वादळातील नौका
730
_a
वादळातील नौका
942
_c
BOOK
999
_c
528004
_d
528001